Eclipse de Sol.
Guardado en:
| Formato: | |
|---|---|
| Series: | 100 científicos
|
| Materias: | |
| Etiquetas: |
Agregar Etiqueta
Sin Etiquetas, Sea el primero en etiquetar este registro!
|
| LEADER | 00794ngm a22002295g 4500 | ||
|---|---|---|---|
| 001 | CEM.cems022644 | ||
| 008 | 130507b2001##################0###0#####d | ||
| 005 | 20241113140055.0 | ||
| 245 | 0 | 0 | |a Eclipse de Sol. |
| 300 | |a 52'. | ||
| 490 | 0 | |a 100 científicos | |
| 500 | |a En soporte VHS, consultar en ventanilla. | ||
| 505 | 0 | |a Naturaleza del eclipse de sol. Antecedentes históricos. Eclipse total y parcial. Umbra y penumbra. Eclipse anular. Periodicidad. | |
| 538 | |a Soporte: VHS - Norma: Pal N - Color: Si - Grabación DRD 2001 - Hitachi=2360 | ||
| 082 | 3 | 4 | |/ ATC |
| 653 | |a ASTRONOMIA | ||
| 653 | |a ECLIPSE | ||
| 653 | |a ECLIPSE DE SOL | ||
| 653 | |a SOL | ||
| 653 | |a NIVEL PRIMARIO | ||
| 653 | |a NIVEL SECUNDARIO | ||
| 859 | |a CEMS |b BIB. CEMS - Depto. Recursos Didacticos |h 349 |i ATC |k DRD |p 1287.12 |t Ej.1 | ||
